Name all Grishaverse Works - Statistics

General Stats
  • This quiz has been taken 209 times
  • The average score is 9 of 13
Answer Stats
Answer % Correct
Six of Crows
100%
Shadow and Bone
99%
Crooked Kingdom
98%
King of Scars
97%
Rule of Wolves
94%
Siege and Storm
91%
Ruin and Rising
90%
The Lives of Saints
57%
The Language of Thorns
54%
The Demon in the Wood: A Darkling Prequel Story
52%
The Tailor: a Genya Story
32%
The Severed Moon
18%
A Lost Letter from Mal
7%
No matching quizzes found
Score Distribution
Percent of People with Each Score
Percentile by Number Answered
Your Score History
You have not taken this quiz